000 00461pam a2200121a 44500
008 230405s2010 xxu||||| |||| 00| 0 eng d
041 _aMAR
100 _aव्ही एन स्वामी सौ माधवी कवी
245 _aतलाठी लिपिक
260 _a
_bविदयाभारती प्रकाशन गीतांजली मार्केटजवळ मेन रोड
_c2010
300 _a350
906 _a10508
999 _c301007
_d301007